[Event "WCPL:White Knights-Vale"]
[Site "?"]
[Date "2018.04.22"]
[Round "4.1"]
[White "Kett, Tim"]
[Black "Pleasants, Allan J"]
[Result "1-0"]
[WhiteElo "2238"]
[BlackElo "2118"]
[PlyCount "53"]
[EventDate "2018.04.22"]
[EventCountry "WLS"]
[SourceDate "2017.10.24"]

1. e4 d6 2. d4 g6 3. Nc3 Bg7 4. Be3 Nf6 5. Qd2 O-O 6. O-O-O c6 7. h4 h5 8. Nh3
b5 9. Ng5 Qa5 10. Kb1 b4 11. Ne2 Nbd7 12. f4 Ng4 13. f5 gxf5 14. exf5 Ndf6 15.
Nf4 Rb8 16. Bd3 c5 17. Rhf1 Qc7 18. dxc5 dxc5 19. Bc4 Ne5 20. Qe2 Bxf5 21. Nd5
Nxd5 22. Rxf5 Nc3+ 23. bxc3 Nxc4 24. Qxh5 bxc3+ 25. Ka1 Rb1+ 26. Rxb1 Nxe3 27.
Qh7# 1-0

[Event "WCPL:White Knights-Vale"]
[Site "?"]
[Date "2018.04.22"]
[Round "4.3"]
[White "Ralphs, Nigel"]
[Black "May, Adam J"]
[Result "1-0"]
[WhiteElo "1981"]
[BlackElo "1950"]
[PlyCount "135"]
[EventDate "2018.04.22"]
[EventCountry "WLS"]
[SourceDate "2017.10.24"]

1. e4 c6 2. d4 d5 3. e5 c5 4. Nf3 Nc6 5. dxc5 e6 6. Be3 Nh6 7. c3 Nf5 8. Bd4
Bd7 9. Bd3 Nfxd4 10. cxd4 b6 11. O-O bxc5 12. dxc5 Bxc5 13. Nc3 f6 14. exf6
Qxf6 15. a3 O-O 16. Qc2 h6 17. Nxd5 Bxf2+ 18. Rxf2 exd5 19. Raf1 Nd4 20. Qc5
Nb3 21. Qxd5+ Be6 22. Qe4 Bf5 23. Qxf5 Qxf5 24. Bxf5 Rxf5 25. Nd2 Rb5 26. Nxb3
Rxb3 27. Rc1 Rab8 28. Rcc2 R8b7 29. Kf1 Rb8 30. Ke1 R8b7 31. Kd1 Rd3+ 32. Kc1
Rdb3 33. Rc4 Re3 34. Ra4 Reb3 35. Kb1 Kh7 36. Ka2 Kg8 37. Ra6 Kh7 38. Rc6 Kg8
39. Rfc2 Kh7 40. R6c3 R3b5 41. Rc5 Rb3 42. R5c3 R3b5 43. Rc5 Rb3 44. Ra5 Kg8
45. g3 Kh7 46. Rac5 Kg8 47. R5c3 R3b5 48. b4 a5 49. Rc5 axb4 50. Rxb5 Rxb5 51.
Rb2 b3+ 52. Rxb3 Ra5 53. Rb2 Ra8 54. Kb3 Rb8+ 55. Kc3 Rc8+ 56. Kd4 Rd8+ 57. Kc5
Rc8+ 58. Kd6 Ra8 59. Ra2 Ra4 60. Kc6 Kf7 61. Kb5 Ra8 62. a4 Ke7 63. Kc6 Kd8 64.
Kb7 Ra5 65. Kb6 Ra8 66. a5 Kc8 67. a6 Rb8+ 68. Kc6 1-0

[Event "WCPL:White Knights-Vale"]
[Site "?"]
[Date "2018.04.22"]
[Round "4.4"]
[White "Bevan, Peter M"]
[Black "Davis, Lee"]
[Result "0-1"]
[WhiteElo "1916"]
[BlackElo "1954"]
[PlyCount "92"]
[EventDate "2018.04.22"]
[EventCountry "WLS"]
[SourceDate "2017.10.24"]

1. b3 Nf6 2. Bb2 d5 3. Nf3 Bf5 4. e3 Nbd7 5. Be2 h6 6. O-O e6 7. d3 Bd6 8. c4
Bh7 9. cxd5 exd5 10. Nc3 O-O 11. Nb5 Be7 12. Rc1 c6 13. Nbd4 c5 14. Nb5 a6 15.
Nc3 Rc8 16. d4 Nb8 17. dxc5 Bxc5 18. Na4 Ba7 19. Bd4 Rxc1 20. Qxc1 Bxd4 21.
Nxd4 Qe7 22. Qc5 Qxc5 23. Nxc5 b5 24. Bf3 Rc8 25. b4 Be4 26. Rd1 Bxf3 27. gxf3
Nfd7 28. Nf5 Kf8 29. Rxd5 Nb6 30. Rd6 Nc4 31. Nd7+ Nxd7 32. Rxd7 Ne5 33. Ra7
Nxf3+ 34. Kg2 Ne1+ 35. Kg3 Nc2 36. Rxa6 Nxb4 37. Ra5 g6 38. Nd6 Rc5 39. a3 Nc2
40. Nxb5 Kg7 41. a4 Na3 42. Ra6 Nxb5 43. Ra5 Rg5+ 44. Kf3 Nc3 45. Rxg5 hxg5 46.
a5 f5 0-1

[Event "WCPL:White Knights-Vale"]
[Site "?"]
[Date "2018.04.22"]
[Round "4.5"]
[White "Taylor, Robert Graham"]
[Black "Buttell, David"]
[Result "1-0"]
[WhiteElo "1882"]
[BlackElo "1773"]
[PlyCount "59"]
[EventDate "2018.04.22"]
[EventCountry "WLS"]
[SourceDate "2017.10.24"]

1. d4 d5 2. c4 e6 3. Nc3 Nf6 4. Bg5 Be7 5. e3 Nbd7 6. Nf3 c6 7. Rc1 O-O 8. Bd3
dxc4 9. Bxc4 Nd5 10. Bxe7 Qxe7 11. O-O Nxc3 12. Rxc3 e5 13. dxe5 Nxe5 14. Nxe5
Qxe5 15. Qb3 b5 16. Bd3 Bb7 17. Qc2 g6 18. Be4 Rac8 19. Rc5 Qe6 20. b4 f5 21.
Bf3 f4 22. e4 a5 23. h3 Ra8 24. Bg4 Qe7 25. Qb3+ Kg7 26. Rd1 Rfd8 27. Qc3+ Kh6
28. Rxd8 Qxd8 29. bxa5 Qxa5 30. Rh5+ 1-0

[Event "WCPL:White Knights-Vale"]
[Site "?"]
[Date "2018.04.22"]
[Round "4.6"]
[White "Downey, Keith"]
[Black "Jukes, Sam"]
[Result "1/2-1/2"]
[WhiteElo "1826"]
[BlackElo "1760"]
[PlyCount "87"]
[EventDate "2018.04.22"]
[EventCountry "WLS"]
[SourceDate "2017.10.24"]

1. Nf3 d5 2. d4 Nf6 3. c4 e6 4. g3 Bd6 5. Bg2 c6 6. Qc2 O-O 7. Nbd2 Nbd7 8. O-O
Re8 9. b3 e5 10. dxe5 Nxe5 11. Bb2 Ng6 12. Rfe1 Ne4 13. Rad1 f5 14. e3 Qe7 15.
cxd5 cxd5 16. Qd3 Bb4 17. Rc1 Be6 18. Red1 Ba3 19. Bxa3 Qxa3 20. Rc2 Rac8 21.
Nb1 Qd6 22. Rdc1 Ne5 23. Qd4 Ng4 24. Qxa7 Rxc2 25. Rxc2 Qa6 26. Qxa6 bxa6 27.
Nd4 Kf7 28. Rc7+ Kf6 29. f3 Nxe3 30. fxe4 fxe4 31. Rc6 Ke5 32. Nxe6 Rxe6 33.
Rxe6+ Kxe6 34. Bh3+ Ke5 35. Kf2 d4 36. Bc8 a5 37. Ke2 Nd5 38. Ba6 d3+ 39. Bxd3
exd3+ 40. Kxd3 Nb4+ 41. Kc4 Nxa2 42. Kb5 Nc1 43. Nd2 Kd4 44. Kxa5 1/2-1/2

[Event "WCPL:Abergavenny-Nidum"]
[Site "?"]
[Date "2018.04.22"]
[Round "4.7"]
[White "Phillips, Roy"]
[Black "Zeidler, Sven P."]
[Result "1/2-1/2"]
[WhiteElo "2170"]
[BlackElo "2178"]
[PlyCount "126"]
[EventDate "2018.04.22"]
[EventCountry "WLS"]
[SourceDate "2017.10.24"]

1. b3 e5 2. Bb2 Nc6 3. e3 Nf6 4. Bb5 Bd6 5. Na3 Na5 6. Be2 a6 7. c4 O-O 8. Nc2
e4 9. f4 Be7 10. Bc3 Nc6 11. Nh3 d5 12. Nf2 dxc4 13. bxc4 b5 14. cxb5 axb5 15.
Bxb5 Qd5 16. Be2 Rxa2 17. Rxa2 Qxa2 18. Bxf6 gxf6 19. Nxe4 Bf5 20. Bf3 Rb8 21.
O-O Rb2 22. Ne1 Rb1 23. Qe2 Rc1 24. Nc3 Qb2 25. Nd3 Rxf1+ 26. Kxf1 Qa1+ 27. Ne1
Nb4 28. Kf2 Bc8 29. Nd5 Nxd5 30. Bxd5 Qa5 31. Bc4 Bb4 32. Nf3 Bb7 33. Qd3 Qh5
34. e4 Bc5+ 35. Ke2 Qg6 36. g3 Bxe4 37. Qd8+ Kg7 38. Bd3 Bd6 39. Bxe4 Qxe4+ 40.
Kf2 Qd3 41. Qa8 Bc5+ 42. Ke1 Qb1+ 43. Ke2 Qh1 44. Qd5 Qg2+ 45. Kd1 Bb4 46. Qh5
Qf1+ 47. Ne1 Qc4 48. Qg4+ Kf8 49. Qf5 Qb3+ 50. Qc2 Qd5 51. Qd3 Qh5+ 52. Qe2 Qa5
53. Qd3 h5 54. Nf3 Qa1+ 55. Ke2 Qh1 56. Qd4 Bd6 57. Qxf6 Qg2+ 58. Ke3 Bc5+ 59.
d4 Bb6 60. Qd8+ Kg7 61. Qg5+ Kf8 62. Qd8+ Kg7 63. Qg5+ Kf8 1/2-1/2

[Event "WCPL:Abergavenny-Nidum"]
[Site "?"]
[Date "2018.04.22"]
[Round "4.8"]
[White "Thornton, John D"]
[Black "Evans, Craig"]
[Result "1-0"]
[WhiteElo "2072"]
[BlackElo "2000"]
[PlyCount "59"]
[EventDate "2018.04.22"]
[EventCountry "WLS"]
[SourceDate "2017.10.24"]

1. e4 e5 2. Nf3 Nc6 3. Bb5 Nf6 4. d3 Bc5 5. O-O O-O 6. Bxc6 dxc6 7. Nxe5 Qe7 8.
Nf3 Bg4 9. Be3 Bd6 10. Nbd2 Rad8 11. Qe2 Nh5 12. Rfe1 h6 13. d4 Bf4 14. Bxf4
Nxf4 15. Qe3 g5 16. Ne5 Bc8 17. Nd3 Ng6 18. c3 f5 19. exf5 Qxe3 20. fxe3 Rxf5
21. e4 Rf7 22. e5 Bf5 23. Ne4 b6 24. Rad1 Re7 25. Nb4 Re6 26. Nf6+ Kf7 27. g4
Rxf6 28. exf6 Bxg4 29. Rd2 Nh4 30. Nxc6 1-0

[Event "WCPL:Abergavenny-Nidum"]
[Site "?"]
[Date "2018.04.22"]
[Round "4.9"]
[White "Musson, Adam J"]
[Black "Parry, Matthew"]
[Result "0-1"]
[WhiteElo "2065"]
[BlackElo "1887"]
[PlyCount "116"]
[EventDate "2018.04.22"]
[EventCountry "WLS"]
[SourceDate "2017.10.24"]

1. d4 Nf6 2. c4 Nc6 3. g3 e5 4. d5 Ne7 5. Bg2 Ng6 6. Nf3 Bc5 7. O-O O-O 8. Nc3
a5 9. e4 d6 10. h3 Bd7 11. Ne1 Ne8 12. Nd3 Bd4 13. Be3 Bxe3 14. fxe3 f5 15.
exf5 Bxf5 16. e4 Bd7 17. Rxf8+ Nxf8 18. Qf3 Qg5 19. Rf1 Nf6 20. Nd1 Ng6 21. Qe3
Qh5 22. N1f2 Ne7 23. Bf3 Qg6 24. g4 h5 25. g5 h4 26. Ng4 Bxg4 27. Bxg4 Nxe4 28.
Be6+ Kh8 29. Kh2 Ng3 30. Rf3 e4 31. Rf4 Nef5 32. Bxf5 Qxg5 33. Qf2 Nxf5 34. Rg4
Qe7 35. Qxf5 exd3 36. Qxd3 Qe5+ 37. Kg2 Qxb2+ 38. Kh1 Qf6 39. Qe4 g5 40. Qe3
Rg8 41. a4 Kh7 42. Re4 Rg7 43. Re6 Qf1+ 44. Kh2 Qf4+ 45. Qxf4 gxf4 46. Rf6 f3
47. Rxf3 Re7 48. Rf4 Re2+ 49. Kg1 Kg6 50. Rxh4 Ra2 51. Rg4+ Kf6 52. h4 Rxa4 53.
Kf2 b5 54. h5 Rxc4 55. Rg6+ Kf7 56. Kg3 a4 57. Rg5 a3 58. h6 a2 0-1

[Event "WCPL:Abergavenny-Nidum"]
[Site "?"]
[Date "2018.04.22"]
[Round "4.10"]
[White "Llewellyn, David"]
[Black "Davies, Matthew"]
[Result "0-1"]
[WhiteElo "1816"]
[BlackElo "1935"]
[PlyCount "82"]
[EventDate "2018.04.22"]
[EventCountry "WLS"]
[SourceDate "2017.10.24"]

1. d4 d5 2. c4 c6 3. Nc3 Nf6 4. cxd5 cxd5 5. f3 Nc6 6. e4 e6 7. e5 Nd7 8. f4
Be7 9. Nf3 O-O 10. Bd3 f5 11. Be3 a6 12. Rc1 Nb6 13. O-O Bd7 14. Qe2 Be8 15.
Nd2 Nb4 16. Bb1 Na4 17. Nxa4 Bxa4 18. Qf3 Bb5 19. Rfd1 Qd7 20. Bf2 Rfc8 21. a3
Nc6 22. Rc3 Rc7 23. Rdc1 Rac8 24. Nb3 b6 25. Bd3 Na7 26. Rxc7 Rxc7 27. Rxc7
Qxc7 28. Bxb5 Nxb5 29. Qd3 Qc6 30. Be1 a5 31. Bd2 Qc4 32. Qxc4 dxc4 33. a4 cxb3
34. axb5 a4 35. Bc1 Bb4 36. Kf1 a3 37. bxa3 Bc3 38. Ke2 b2 39. Bxb2 Bxb2 40. a4
Bxd4 41. Kd3 Bf2 0-1

[Event "WCPL:Abergavenny-Nidum"]
[Site "?"]
[Date "2018.04.22"]
[Round "4.11"]
[White "Van Veelen, Thomas"]
[Black "Dixon, Chris"]
[Result "1-0"]
[WhiteElo "1993"]
[BlackElo "1808"]
[PlyCount "69"]
[EventDate "2018.04.22"]
[EventCountry "WLS"]
[SourceDate "2017.10.24"]

1. d4 Nf6 2. c4 g6 3. g3 Bg7 4. Bg2 d6 5. Nf3 O-O 6. Nc3 Nbd7 7. O-O e5 8. h3
Re8 9. e4 a6 10. d5 Nc5 11. Qc2 a5 12. Be3 b6 13. a3 Nh5 14. b4 Nb7 15. Nb5 Bd7
16. Kh2 Bf8 17. Rac1 Ng7 18. Qd2 f5 19. Nc3 Be7 20. Ng5 Bf6 21. Ne6 Nxe6 22.
dxe6 Bc8 23. Nd5 Rb8 24. exf5 gxf5 25. Nxf6+ Qxf6 26. Bg5 Qg6 27. e7 h6 28. Bh4
Kh8 29. Bc6 Be6 30. Rc3 Qh5 31. f4 e4 32. Qd4+ Kh7 33. Qf6 Qe2+ 34. Kg1 Rg8 35.
Qxe6 1-0

[Event "WCPL:Abergavenny-Nidum"]
[Site "?"]
[Date "2018.04.22"]
[Round "4.12"]
[White "Allford, Zane"]
[Black "Jones, Ian Robert"]
[Result "0-1"]
[WhiteElo "1681"]
[BlackElo "1949"]
[PlyCount "60"]
[EventDate "2018.04.22"]
[EventCountry "WLS"]
[SourceDate "2017.10.24"]

1. e4 Nc6 2. Nc3 Nf6 3. f4 e6 4. Nf3 d5 5. exd5 exd5 6. d4 Bb4 7. a3 Ba5 8. b4
Bb6 9. Na4 Qe7+ 10. Be2 Bg4 11. Bb2 Qe4 12. O-O Qxf4 13. Nxb6 Qe3+ 14. Kh1 axb6
15. Ba6 O-O-O 16. Qd3 Qxd3 17. Bxd3 Rde8 18. c4 dxc4 19. Bxc4 Be6 20. Bxe6+
Rxe6 21. Ne5 Re7 22. Nxc6 bxc6 23. d5 Nxd5 24. Bxg7 Rg8 25. Bd4 Rg4 26. Rad1
Ree4 27. h3 Rgf4 28. Rxf4 Rxf4 29. b5 cxb5 30. Be5 Ne3 0-1

[Event "WCPL:Cardigan-Cardiff"]
[Site "?"]
[Date "2018.04.22"]
[Round "4.13"]
[White "Toczek, Grzegorz"]
[Black "Williams, A. Howard"]
[Result "1/2-1/2"]
[WhiteElo "2258"]
[BlackElo "2256"]
[PlyCount "48"]
[EventDate "2018.04.22"]
[EventCountry "WLS"]
[SourceDate "2017.10.24"]

1. e4 c5 2. Nf3 Nc6 3. d4 cxd4 4. Nxd4 Nf6 5. Nc3 d6 6. Bg5 e6 7. Qd2 a6 8.
O-O-O Bd7 9. f4 Be7 10. g4 h6 11. Bh4 g5 12. Be1 gxf4 13. Nxc6 Bxc6 14. Qxf4
Qc7 15. Kb1 O-O-O 16. Bg3 Rdf8 17. Be2 Nd7 18. Qe3 Ne5 19. Bf4 Rfg8 20. h3 Bg5
21. Rdf1 Kb8 22. h4 Bxf4 23. Rxf4 Qe7 24. h5 Rg5 1/2-1/2

[Event "WCPL:Cardigan-Cardiff"]
[Site "?"]
[Date "2018.04.22"]
[Round "4.14"]
[White "Durand-Le Ludec, Brendan-Budok"]
[Black "Brown, Thomas"]
[Result "1-0"]
[WhiteElo "2157"]
[BlackElo "2076"]
[PlyCount "55"]
[EventDate "2018.04.22"]
[EventCountry "WLS"]
[SourceDate "2017.10.24"]

1. e4 c6 2. d4 d5 3. exd5 cxd5 4. Bd3 Nc6 5. c3 Qc7 6. Ne2 Bg4 7. O-O e6 8. Qe1
Bd6 9. f3 Bf5 10. Bxf5 exf5 11. Nf4+ Kf8 12. Nxd5 Bxh2+ 13. Kh1 Qd6 14. Qh4 Bg3
15. Bf4 Bxf4 16. Nxf4 h6 17. Nd3 Nf6 18. Qh2 Qxh2+ 19. Kxh2 Re8 20. Na3 g5 21.
Rfe1 Kg7 22. Nc4 Re6 23. Rxe6 fxe6 24. Re1 Nd8 25. Nc5 b5 26. Nd6 Nd5 27. Nxe6+
Nxe6 28. Rxe6 1-0

[Event "WCPL:Cardigan-Cardiff"]
[Site "?"]
[Date "2018.04.22"]
[Round "4.15"]
[White "Fathallah, Joe"]
[Black "Jones, Iolo C"]
[Result "1/2-1/2"]
[WhiteElo "1999"]
[BlackElo "2184"]
[PlyCount "59"]
[EventDate "2018.04.22"]
[EventCountry "WLS"]
[SourceDate "2017.10.24"]

1. d4 Nf6 2. c4 e6 3. Nc3 Bb4 4. Qc2 O-O 5. Bg5 h6 6. Bh4 d6 7. a3 Bxc3+ 8.
Qxc3 Nbd7 9. e3 b6 10. Bd3 Bb7 11. f3 Qe8 12. e4 e5 13. Ne2 exd4 14. Qxd4 Qe5
15. O-O Rfe8 16. Bg3 Qxd4+ 17. Nxd4 Nh5 18. Bf2 Ne5 19. Rfd1 Nxd3 20. Rxd3 Nf4
21. Rd2 a6 22. Rc1 Ne6 23. Nf5 a5 24. Ne3 Nc5 25. Rdd1 Ne6 26. Nd5 Rac8 27. b4
axb4 28. axb4 Ra8 29. Ra1 Kf8 30. Be3 1/2-1/2

[Event "WCPL:Cardigan-Cardiff"]
[Site "?"]
[Date "2018.04.22"]
[Round "4.16"]
[White "Heap, Gerry"]
[Black "Sivarajasingam, Shayanna"]
[Result "1/2-1/2"]
[WhiteElo "2080"]
[BlackElo "1773"]
[PlyCount "64"]
[EventDate "2018.04.22"]
[EventCountry "WLS"]
[SourceDate "2017.10.24"]

1. c4 e6 2. Nf3 Nf6 3. g3 d5 4. b3 Be7 5. Bg2 O-O 6. O-O a5 7. Bb2 a4 8. cxd5
exd5 9. bxa4 Nbd7 10. Nc3 Nb6 11. d3 Bd7 12. Qd2 Nxa4 13. Nxa4 Rxa4 14. Rfc1 c5
15. Qc2 b5 16. e3 Qb6 17. Ne5 Be6 18. f4 Rfa8 19. a3 R8a7 20. Qe2 c4 21. dxc4
bxc4 22. Bd4 Bc5 23. Rab1 Qc7 24. Bxc5 Qxc5 25. Rb8+ Bc8 26. g4 Ra8 27. Rxa8
Rxa8 28. g5 Nd7 29. Rxc4 dxc4 30. Bxa8 Nxe5 31. fxe5 Qxa3 32. Bd5 Qa1+ 1/2-1/2

[Event "WCPL:Cardigan-Cardiff"]
[Site "?"]
[Date "2018.04.22"]
[Round "4.17"]
[White "Sivarajasingam, Venetia"]
[Black "Van Kemenade, Rudy"]
[Result "1-0"]
[WhiteElo "1759"]
[BlackElo "1979"]
[PlyCount "41"]
[EventDate "2018.04.22"]
[EventCountry "WLS"]
[SourceDate "2017.10.24"]

1. e4 e5 2. Nf3 Nf6 3. Nxe5 d6 4. Nf3 Nxe4 5. Nc3 Nxc3 6. dxc3 Be7 7. Be3 O-O
8. Qd2 b6 9. h4 Bb7 10. h5 Nd7 11. Bd3 Nc5 12. Rh3 Ne4 13. Bxe4 Bxe4 14. Rg3
Kh8 15. Qd4 Bf6 16. Qxe4 Re8 17. Qg4 d5 18. O-O-O c5 19. Bg5 Re2 20. Bxf6 Qxf6
21. Qg5 1-0

[Event "WCPL:Nidum-White Knights"]
[Site "?"]
[Date "2018.05.20"]
[Round "5.1"]
[White "Strugnell, Carl"]
[Black "Phillips, Roy"]
[Result "1-0"]
[WhiteElo "2317"]
[BlackElo "2170"]
[PlyCount "93"]
[EventDate "2018.05.20"]
[EventCountry "WLS"]
[SourceDate "2017.10.24"]

1. e4 g6 2. d4 Bg7 3. Nf3 d6 4. c3 Nf6 5. Bd3 O-O 6. O-O Nc6 7. h3 e5 8. Re1 h6
9. Na3 Nh5 10. Bb5 Bd7 11. Nc2 Nxd4 12. Ncxd4 exd4 13. Bxd7 Qxd7 14. cxd4 Nf6
15. Qc2 Rae8 16. Bf4 Re7 17. e5 Nd5 18. Bg3 Rfe8 19. Red1 dxe5 20. Bxe5 c6 21.
a3 Re6 22. b4 a6 23. Rab1 Qe7 24. Qb3 Bf8 25. Nd2 Qh4 26. Nf3 Qd8 27. Rbc1 Kh7
28. Nd2 Qh4 29. Qf3 f6 30. Bg3 Qxd4 31. Nc4 Qe4 32. Qb3 f5 33. f3 Qe2 34. Rd2
Qxd2 35. Nxd2 Re2 36. Nf1 Bg7 37. Rc2 Bd4+ 38. Kh2 f4 39. Rxe2 Rxe2 40. Bxf4
Re1 41. Qd3 Bb6 42. Bg3 Rc1 43. h4 h5 44. Be5 Re1 45. f4 Kh6 46. Qh3 Bd8 47.
Qc8 1-0

[Event "WCPL:Nidum-White Knights"]
[Site "?"]
[Date "2018.05.20"]
[Round "5.2"]
[White "Morris, Gareth"]
[Black "Garcia, Jason"]
[Result "1/2-1/2"]
[WhiteElo "2050"]
[BlackElo "2037"]
[PlyCount "64"]
[EventDate "2018.05.20"]
[EventCountry "WLS"]
[SourceDate "2017.10.24"]

1. d4 d5 2. c4 e6 3. Nc3 Bb4 4. e3 Nf6 5. Bd2 O-O 6. Nf3 b6 7. Bd3 Bb7 8. O-O
Nbd7 9. Nxd5 Nxd5 10. cxd5 Bxd2 11. Qxd2 exd5 12. Rac1 c5 13. dxc5 Nxc5 14. Bb1
Qf6 15. Rfd1 Ne6 16. Rc3 g6 17. Rdc1 Rac8 18. h3 Rxc3 19. Rxc3 Rd8 20. Nd4 Nxd4
21. exd4 Rc8 22. Rf3 Qc6 23. Rc3 Qe6 24. Re3 Qc6 25. Re1 Ba6 26. a3 Qc4 27. Kh2
Qc7+ 28. g3 Qd7 29. Qf4 Re8 30. Re5 Rxe5 31. Qxe5 Bc4 32. Kg2 Qa4 1/2-1/2

[Event "WCPL:Nidum-White Knights"]
[Site "?"]
[Date "2018.05.20"]
[Round "5.3"]
[White "Young, Alan"]
[Black "Musson, Adam J"]
[Result "0-1"]
[WhiteElo "2023"]
[BlackElo "2042"]
[PlyCount "68"]
[EventDate "2018.05.20"]
[EventCountry "WLS"]
[SourceDate "2017.10.24"]

1. e4 e5 2. Nf3 Nc6 3. Bc4 Nf6 4. d3 Be7 5. c3 O-O 6. O-O d5 7. exd5 Nxd5 8.
Re1 Bf6 9. Nbd2 a6 10. Ne4 Be7 11. a4 h6 12. Bb3 Be6 13. Ng3 Bd6 14. d4 exd4
15. Nxd4 Nxd4 16. Qxd4 Be7 17. Bc2 Nf6 18. Qf4 Bd6 19. Qh4 Ng4 20. Qh5 Qf6 21.
Ne4 Qe7 22. Bg5 hxg5 23. Nxg5 Nh6 24. Bh7+ Kh8 25. Bf5 Qf6 26. Bxe6 fxe6 27. f3
Rae8 28. Re4 Bf4 29. h4 Kg8 30. Rae1 e5 31. Kf2 Rd8 32. R4e2 Qb6+ 33. Kf1 Rf5
34. g4 Rff8 0-1

[Event "WCPL:Nidum-White Knights"]
[Site "?"]
[Date "2018.05.20"]
[Round "5.4"]
[White "Yeo, Gareth"]
[Black "Bevan, Peter M"]
[Result "1-0"]
[WhiteElo "1923"]
[BlackElo "1892"]
[PlyCount "59"]
[EventDate "2018.05.20"]
[EventCountry "WLS"]
[SourceDate "2017.10.24"]

1. d4 d5 2. c4 c6 3. Nf3 Nf6 4. e3 a6 5. Nbd2 Bf5 6. Nh4 Bg6 7. Nxg6 hxg6 8. h3
e6 9. b3 Nbd7 10. Bb2 Bd6 11. Qe2 b5 12. c5 Bc7 13. g4 Ba5 14. O-O-O Bxd2+ 15.
Rxd2 Ne4 16. Rc2 Qa5 17. Kb1 Qb4 18. Bg2 Ndf6 19. Rd1 a5 20. f3 Ng5 21. e4 dxe4
22. fxe4 a4 23. a3 Qa5 24. b4 Qa6 25. Qe3 Ngxe4 26. Bxe4 Nxe4 27. Qxe4 Rxh3 28.
Rf2 Ra7 29. Qe5 Qc8 30. Qxg7 1-0

[Event "WCPL:Nidum-White Knights"]
[Site "?"]
[Date "2018.05.20"]
[Round "5.5"]
[White "May, Adam J"]
[Black "Saunders, Robert"]
[Result "1/2-1/2"]
[WhiteElo "1941"]
[BlackElo "2064"]
[PlyCount "56"]
[EventDate "2018.05.20"]
[EventCountry "WLS"]
[SourceDate "2017.10.24"]

1. c4 e5 2. g3 Nc6 3. Nc3 g6 4. Bg2 Bg7 5. e4 d6 6. Nge2 Nge7 7. d3 O-O 8. O-O
Be6 9. Nd5 Qd7 10. Be3 Nd8 11. Bh6 c6 12. Bxg7 Kxg7 13. Nxe7 Qxe7 14. b3 c5 15.
Qd2 Nc6 16. f4 f6 17. f5 Bd7 18. Nc3 g5 19. Nd5 Qf7 20. h4 h6 21. Kf2 Nd4 22.
g4 Bc6 23. Nc3 a6 24. Rh1 Rh8 25. Rh2 b5 26. Rah1 Qc7 27. Ne2 Nxe2 28. Kxe2
Rag8 1/2-1/2

[Event "WCPL:Nidum-White Knights"]
[Site "?"]
[Date "2018.05.20"]
[Round "5.6"]
[White "Sims, Chris"]
[Black "Buttell, David"]
[Result "1-0"]
[WhiteElo "1769"]
[BlackElo "1766"]
[PlyCount "127"]
[EventDate "2018.05.20"]
[EventCountry "WLS"]
[SourceDate "2017.10.24"]

1. e4 c5 2. d4 cxd4 3. c3 dxc3 4. Nxc3 d6 5. Nf3 a6 6. Bc4 e6 7. O-O Be7 8. Qe2
Nd7 9. Rd1 Qc7 10. Bf4 b5 11. Bxb5 axb5 12. Nxb5 Qb6 13. Qc4 Kf8 14. Rxd6 Qc5
15. Qd3 Ba6 16. Rxa6 Rxa6 17. Rc1 Qxc1+ 18. Bxc1 Ngf6 19. Qc4 Ra8 20. Nc7 Rd8
21. Bf4 Nc5 22. Kf1 Ncxe4 23. Ne5 Nd6 24. Qb3 Rc8 25. Nb5 Nfe4 26. Nxd6 Nxd6
27. a4 g5 28. Bg3 Kg7 29. Nd7 Rc1+ 30. Ke2 Rhc8 31. Be5+ Kg8 32. f3 R1c2+ 33.
Kf1 Rc1+ 34. Ke2 R1c2+ 35. Kf1 Nc4 36. Bc3 Ne3+ 37. Ke1 Nxg2+ 38. Kf1 Ne3+ 39.
Ke1 Ng2+ 40. Kf1 Ne3+ 41. Ke1 Rd8 42. Bd2 Ng2+ 43. Kd1 Rc6 44. Ne5 Rcd6 45. Nc4
Rd3 46. Qb7 Ne3+ 47. Nxe3 Rxd2+ 48. Kc1 R2d7 49. Qb5 Rc7+ 50. Nc4 Rc5 51. Qa6
Rcd5 52. Qb7 R5d7 53. Qb5 Rd1+ 54. Kc2 R1d5 55. Qb7 Bf6 56. a5 R5d7 57. Qc6 Ra7
58. b4 Raa8 59. Nb6 Ra7 60. Kb3 Rd3+ 61. Ka4 Bd4 62. Kb5 Bxb6 63. Qxb6 Rd5+ 64.
Kc4 1-0

[Event "WCPL:Cardiff-Abergavenny"]
[Site "?"]
[Date "2018.05.20"]
[Round "5.7"]
[White "May, Frank"]
[Black "Toczek, Grzegorz"]
[Result "0-1"]
[WhiteElo "2072"]
[BlackElo "2258"]
[PlyCount "86"]
[EventDate "2018.05.20"]
[EventCountry "WLS"]
[SourceDate "2017.10.24"]

1. Nc3 c5 2. e4 Nc6 3. f4 g6 4. Nf3 Bg7 5. g3 d6 6. Bg2 e6 7. d3 Nge7 8. Be3
Rb8 9. O-O Qb6 10. Rb1 Qa6 11. Qd2 Nd4 12. h3 b5 13. a3 O-O 14. g4 f5 15. Ne2
Nxe2+ 16. Qxe2 b4 17. axb4 fxe4 18. Ng5 exd3 19. cxd3 Rxb4 20. Bd2 Rxb2 21.
Rxb2 Bxb2 22. Nxe6 Bxe6 23. Qxe6+ Rf7 24. Be4 Bd4+ 25. Kh1 Qb6 26. f5 d5 27.
Bxd5 Nxd5 28. Qxd5 Qb7 29. Qxb7 Rxb7 30. f6 Kf7 31. g5 Rb2 32. Bf4 Ra2 33. Re1
Ra1 34. Bd2 Rxe1+ 35. Bxe1 Be3 36. h4 h6 37. Kg2 hxg5 38. Kf3 Bc1 39. hxg5 Bxg5
40. Bf2 Bxf6 41. Bxc5 a5 42. d4 Be7 43. Bb6 a4 0-1

[Event "WCPL:Cardiff-Abergavenny"]
[Site "?"]
[Date "2018.05.20"]
[Round "5.8"]
[White "Bullen, Alex"]
[Black "Thornton, John D"]
[Result "1/2-1/2"]
[WhiteElo "2084"]
[BlackElo "2080"]
[PlyCount "46"]
[EventDate "2018.05.20"]
[EventCountry "WLS"]
[SourceDate "2017.10.24"]

1. d4 Nf6 2. Nf3 g6 3. Nbd2 d5 4. b4 Bg7 5. e3 O-O 6. c4 a5 7. b5 dxc4 8. Bxc4
Nbd7 9. O-O Nb6 10. Ba3 Nxc4 11. Nxc4 Ne4 12. Rc1 Nd6 13. Qb3 Be6 14. Nfd2 Re8
15. Qb2 Nxc4 16. Nxc4 Bxc4 17. Rxc4 e5 18. dxe5 Bxe5 19. Qc2 Qd5 20. f4 Bg7 21.
e4 Bd4+ 22. Kh1 Rxe4 23. Bb2 c5 1/2-1/2

[Event "WCPL:Cardiff-Abergavenny"]
[Site "?"]
[Date "2018.05.20"]
[Round "5.9"]
[White "Miles, Richard"]
[Black "Hatchett, Paul"]
[Result "1/2-1/2"]
[WhiteElo "1958"]
[BlackElo "1974"]
[PlyCount "24"]
[EventDate "2018.05.20"]
[EventCountry "WLS"]
[SourceDate "2017.10.24"]

1. d4 Nf6 2. c4 g6 3. Nc3 Bg7 4. e4 d6 5. Be2 O-O 6. Nf3 e5 7. O-O exd4 8. Nxd4
Re8 9. f3 c6 10. Nc2 a5 11. Kh1 a4 12. Na3 Qa5 1/2-1/2

[Event "WCPL:Cardiff-Abergavenny"]
[Site "?"]
[Date "2018.05.20"]
[Round "5.10"]
[White "Fathallah, Joe"]
[Black "Llewellyn, David"]
[Result "0-1"]
[WhiteElo "2005"]
[BlackElo "1802"]
[PlyCount "110"]
[EventDate "2018.05.20"]
[EventCountry "WLS"]
[SourceDate "2017.10.24"]

1. d4 d5 2. Bf4 Nf6 3. Nf3 c5 4. e3 Nc6 5. c3 Qb6 6. b3 Bf5 7. Bd3 Bxd3 8. Qxd3
cxd4 9. exd4 e6 10. Nbd2 Be7 11. O-O O-O 12. Rfe1 Rfd8 13. Ne5 Rac8 14. Re3 Nd7
15. Rh3 Nf8 16. Qg3 Nxe5 17. dxe5 Ng6 18. Be3 Bc5 19. b4 Bxe3 20. Qxe3 d4 21.
cxd4 Qxd4 22. Qxd4 Rxd4 23. Nb3 Rxb4 24. Re3 h6 25. g3 Rc2 26. Kf1 Ne7 27. h4
Nd5 28. Ree1 Nc3 29. Rac1 Rxc1 30. Nxc1 Ra4 31. Ne2 Nxa2 32. Ra1 Nc3 33. Rxa4
Nxa4 34. Nd4 a6 35. Ke2 Kf8 36. f4 h5 37. Nb3 Ke7 38. Ke3 Kd7 39. Ke4 b6 40.
Nd4 Nc5+ 41. Ke3 g6 42. Nf3 Nb7 43. Kd4 Kc6 44. Ng5 Nd8 45. Ne4 a5 46. Kc4 b5+
47. Kd4 a4 48. Kc3 Kb6 49. Nd6 Ka5 50. Ne4 b4+ 51. Kc4 a3 52. Kb3 Nc6 53. Kc4
a2 54. Nc5 Kb6 55. Nb3 Na5+ 0-1

[Event "WCPL:Cardiff-Abergavenny"]
[Site "?"]
[Date "2018.05.20"]
[Round "5.11"]
[White "Dixon, Chris"]
[Black "Sivarajasingam, Venetia"]
[Result "1/2-1/2"]
[WhiteElo "1752"]
[BlackElo "1881"]
[PlyCount "52"]
[EventDate "2018.05.20"]
[EventCountry "WLS"]
[SourceDate "2017.10.24"]

1. e4 e6 2. d3 d5 3. Qe2 d4 4. Nf3 c5 5. g3 Nc6 6. Bg2 e5 7. O-O Nf6 8. Nh4 Be7
9. Nf5 O-O 10. Nd2 Be6 11. Nf3 h6 12. N3h4 Bd6 13. Nxd6 Qxd6 14. Nf5 Qd8 15. g4
Nh7 16. f4 Bxf5 17. gxf5 Qf6 18. Rf3 b5 19. Rg3 Rfe8 20. fxe5 Nxe5 21. Qh5 Kh8
22. Bf4 Rac8 23. Qd1 Qh4 24. Bxe5 Rxe5 25. Rg4 Qf6 26. a4 b4 1/2-1/2